000 00321nam a22001457a 4500
020 _a81-7478-644-9
082 _a920
_bSRI/B
100 _aSRINIVASAN,ARCHANA
245 _aBIO-SPORTING LEGENDS
250 _aFIRST
260 _aCHENNAI
_bSURA BOOKS
_c2005
300 _a92
650 _aBIOGRAPHIES
_zCHENNAI
942 _cBK
999 _c6440
_d6440